| 000 | 01207nam a2200325 i 4500 | ||
|---|---|---|---|
| 001 | 192790 | ||
| 003 | ES-MaRBCM | ||
| 005 | 20250630060258.0 | ||
| 008 | 230523s2017 sp |||| ||spa d | ||
| 020 | _a9788417005726 | ||
| 035 | _aM-RBMTRL 0057347 | ||
| 040 |
_aM-RBMTRL _bspa _cM-RBMTRL _dES-MaACL |
||
| 080 | _a821.134.2-31"19" | ||
| 100 | 1 |
_aMassó Cantarero, Francisco, _d1946- _eaut _9226310 |
|
| 245 | 1 | 0 |
_aEstar en vilo / _cFrancisco Massó Cantarero. |
| 250 | _aPrimera edición: junio de 2017 | ||
| 260 |
_aMadrid : _bLacre, _c2017. |
||
| 300 |
_a264 páginas ; _c23 cm. |
||
| 336 |
_aTexto (visual) _2isbdcontent] |
||
| 337 |
_asin mediación _2isbdmedia] |
||
| 490 | 1 |
_aMaestros de la novela histórica ; _v41 |
|
| 651 | 0 |
_aEspaña- _vHistoria- _y1931-1939, II República- _vNovelas _9235489 |
|
| 655 | 7 |
_aNovelas históricas _2tgfbne _9226782 |
|
| 830 |
_9225647 _aMaestros de la novela histórica ; _v41 |
||
| 852 |
_aEs-MaACL _bR.153097 _cDEPOJ _hDonación: Francisco Massó Cantarero _jN-8412 _9200090 |
||
| 903 |
_aMassó Cantarero, Francisco, _d1946- _ednr _9226310 |
||
| 942 |
_cMONOGRAFIA _n0 |
||
| 999 |
_c192790 _d192790 |
||